[Event "Limba Open A"]
[Site "Poronin"]
[Date "2021.05.28"]
[Round "9.12"]
[White "Oglaza, Dawid"]
[Black "Pawlowski, Kamil"]
[Result "1/2-1/2"]
[LiveChessVersion "1.4.8"]
[BlackElo "1168"]
[WhiteElo "1315"]

1. e4 {[%clk 1:30:57]} e5 {[%clk 1:30:55]} 2. Nf3 {[%clk 1:31:24]} Nc6
{[%clk 1:31:19]} 3. Bc4 {[%clk 1:31:49]} Bc5 {[%clk 1:30:57]} 4. c3
{[%clk 1:32:09]} Nf6 {[%clk 1:31:21]} 5. d4 {[%clk 1:32:30]} exd4
{[%clk 1:30:32]} 6. e5 {[%clk 1:32:45]} d5 {[%clk 1:30:40]} 7. Bb5
{[%clk 1:32:59]} Ne4 {[%clk 1:30:39]} 8. cxd4 {[%clk 1:33:17]} Bb4+
{[%clk 1:30:57]} 9. Bd2 {[%clk 1:33:18]} Bxd2+ {[%clk 1:27:56]} 10. Nbxd2
{[%clk 1:33:24]} Nxd2 {[%clk 1:26:48]} 11. Qxd2 {[%clk 1:32:25]} Bd7
{[%clk 1:26:38]} 12. Bd3 {[%clk 1:31:06]} Qe7 {[%clk 1:26:21]} 13. O-O
{[%clk 1:27:46]} Bg4 {[%clk 1:26:32]} 14. Be2 {[%clk 1:26:29]} Bxf3
{[%clk 1:26:20]} 15. Bxf3 {[%clk 1:26:39]} Rd8 {[%clk 1:25:32]} 16. Rac1
{[%clk 1:26:04]} Qh4 {[%clk 1:25:20]} 17. Rfd1 {[%clk 1:25:18]} Rd7
{[%clk 1:22:06]} 18. g3 {[%clk 1:23:47]} Qd8 {[%clk 1:21:05]} 19. Bg4
{[%clk 1:20:08]} Re7 {[%clk 1:21:20]} 20. h4 {[%clk 1:17:52]} h5 {[%clk 1:21:14]}
21. Bh3 {[%clk 1:18:16]} Rh6 {[%clk 1:21:13]} 22. Bf5 {[%clk 1:18:09]} Kf8
{[%clk 1:14:35]} 23. Rc3 {[%clk 1:17:23]} f6 {[%clk 1:11:42]} 24. exf6
{[%clk 1:09:07]} Rxf6 {[%clk 1:11:55]} 25. Bh3 {[%clk 1:07:46]} Qe8
{[%clk 1:11:49]} 26. Re3 {[%clk 1:01:38]} Rxe3 {[%clk 1:11:48]} 27. Qxe3
{[%clk 1:01:56]} Qxe3 {[%clk 1:12:09]} 28. fxe3 {[%clk 1:02:20]} Rf3
{[%clk 1:12:35]} 29. Rf1 {[%clk 1:02:40]} Rxf1+ {[%clk 1:12:44]} 30. Kxf1
{[%clk 1:02:51]} Nb4 {[%clk 1:12:11]} 31. a3 {[%clk 1:03:07]} Nd3
{[%clk 1:10:20]} 32. b3 {[%clk 0:59:40]} Nc1 {[%clk 1:09:28]} 33. b4
{[%clk 0:59:33]} Na2 {[%clk 1:09:13]} 34. Bf5 {[%clk 0:57:15]} Nc3 1/2-1/2

[Event "Limba Open A"]
[Site "Poronin"]
[Date "2021.05.28"]
[Round "9.13"]
[White "Zniszczol, Wiktoria"]
[Black "Mielcuch, Karol"]
[Result "1/2-1/2"]
[LiveChessVersion "1.4.8"]
[BlackElo "1235"]
[WhiteElo "1641"]

1. e4 {[%clk 1:30:58]} c5 {[%clk 1:29:48]} 2. Nc3 {[%clk 1:31:22]} Nc6
{[%clk 1:28:46]} 3. f4 {[%clk 1:30:52]} e6 {[%clk 1:27:30]} 4. Nf3
{[%clk 1:22:50]} d5 {[%clk 1:26:17]} 5. Bb5 {[%clk 1:22:48]} Nge7
{[%clk 1:24:22]} 6. d3 {[%clk 1:19:48]} d4 {[%clk 1:23:49]} 7. Bxc6+
{[%clk 1:20:11]} Nxc6 {[%clk 1:22:53]} 8. Ne2 {[%clk 1:20:31]} Be7
{[%clk 1:21:50]} 9. O-O {[%clk 1:20:49]} b6 {[%clk 1:19:50]} 10. Bd2
{[%clk 1:18:58]} Bb7 {[%clk 1:19:35]} 11. Qe1 {[%clk 1:19:01]} Qd7
{[%clk 1:19:00]} 12. a4 {[%clk 1:14:59]} a5 {[%clk 1:16:46]} 13. b3
{[%clk 1:15:11]} O-O-O {[%clk 1:16:10]} 14. Ng3 {[%clk 1:02:13]} h6
{[%clk 1:11:57]} 15. Qf2 {[%clk 0:58:11]} f6 {[%clk 1:08:50]} 16. Rfd1
{[%clk 0:53:57]} g5 {[%clk 1:05:55]} 17. f5 {[%clk 0:49:29]} e5 {[%clk 1:05:16]}
18. Nh5 {[%clk 0:47:34]} Rdg8 {[%clk 1:05:08]} 1/2-1/2

[Event "Limba Open A"]
[Site "Poronin"]
[Date "2021.05.28"]
[Round "9.14"]
[White "Kopaczewski, Zbigniew"]
[Black "Kawulski-chodkiewicz, Alexander"]
[Result "1-0"]
[LiveChessVersion "1.4.8"]
[BlackElo "1216"]
[WhiteElo "1367"]

1. c4 {[%clk 1:11:51]} e5 {[%clk 1:30:49]} 2. g3 {[%clk 1:12:05]} Nc6
{[%clk 1:30:56]} 3. Bg2 {[%clk 1:12:14]} Nf6 {[%clk 1:31:05]} 4. Nc3
{[%clk 1:09:35]} Bc5 {[%clk 1:31:21]} 5. a3 {[%clk 1:08:48]} a5 {[%clk 1:30:31]}
6. b3 {[%clk 1:03:55]} O-O {[%clk 1:30:51]} 7. Bb2 {[%clk 1:04:05]} Re8
{[%clk 1:30:51]} 8. e3 {[%clk 1:00:43]} d6 {[%clk 1:29:49]} 9. Qc2
{[%clk 1:00:58]} Bg4 {[%clk 1:29:33]} 10. Nge2 {[%clk 0:59:58]} Qd7
{[%clk 1:28:55]} 11. O-O {[%clk 0:58:22]} Bh3 {[%clk 1:28:33]} 12. Nb5
{[%clk 0:55:29]} Bxg2 {[%clk 1:27:35]} 13. Kxg2 {[%clk 0:53:05]} Na7
{[%clk 1:24:39]} 14. d4 {[%clk 0:46:56]} Qc6+ {[%clk 1:22:46]} 15. Kg1
{[%clk 0:40:45]} Bb6 {[%clk 1:22:05]} 16. a4 {[%clk 0:37:09]} Nxb5
{[%clk 1:18:22]} 17. axb5 {[%clk 0:37:28]} Qf3 {[%clk 1:18:33]} 18. dxe5
{[%clk 0:36:50]} Ng4 {[%clk 1:18:21]} 19. Bd4 {[%clk 0:32:06]} dxe5
{[%clk 1:18:33]} 20. Bxb6 {[%clk 0:30:55]} cxb6 {[%clk 1:18:54]} 21. Nc3
{[%clk 0:29:36]} Rac8 {[%clk 1:17:01]} 22. Qe4 {[%clk 0:17:29]} Qxe4
{[%clk 1:17:23]} 23. Nxe4 {[%clk 0:17:32]} Red8 {[%clk 1:17:24]} 24. Rfd1
{[%clk 0:17:30]} f6 {[%clk 1:16:43]} 25. Nc3 {[%clk 0:17:28]} Kf7
{[%clk 1:16:00]} 26. h3 {[%clk 0:15:08]} Nh6 {[%clk 1:16:18]} 27. Rd5
{[%clk 0:15:22]} Ke8 {[%clk 1:14:37]} 28. Rad1 {[%clk 0:15:11]} Rxd5
{[%clk 1:14:02]} 29. Rxd5 {[%clk 0:15:27]} Nf7 {[%clk 1:12:52]} 30. Na4
{[%clk 0:15:39]} Rd8 {[%clk 1:12:48]} 31. Nxb6 {[%clk 0:14:55]} Rxd5
{[%clk 1:13:14]} 32. cxd5 {[%clk 0:14:24]} Nd6 {[%clk 1:13:36]} 33. Kf1
{[%clk 0:11:11]} Nxb5 {[%clk 1:13:16]} 34. Ke1 {[%clk 0:07:44]} Kd8
{[%clk 1:12:43]} 35. Kd2 {[%clk 0:05:50]} Kc7 {[%clk 1:12:53]} 36. Nc4
{[%clk 0:05:34]} b6 {[%clk 1:13:14]} 37. Kd3 {[%clk 0:05:20]} g6 {[%clk 1:08:46]}
38. f4 {[%clk 0:05:27]} exf4 {[%clk 1:08:33]} 39. gxf4 {[%clk 0:05:41]} Nd6
{[%clk 1:07:33]} 40. e4 {[%clk 0:05:42]} Nxc4 {[%clk 1:06:44]} 41. Kxc4
{[%clk 0:03:13]} Kd6 {[%clk 1:06:42]} 42. Kb5 {[%clk 0:03:22]} h5
{[%clk 1:06:37]} 43. Kxb6 {[%clk 0:03:42]} g5 {[%clk 1:07:01]} 44. e5+
{[%clk 0:02:04]} Kxd5 {[%clk 1:07:03]} 45. exf6 {[%clk 0:01:56]} Ke6
{[%clk 1:07:21]} 46. fxg5 {[%clk 0:02:13]} 1-0

[Event "Limba Open A"]
[Site "Poronin"]
[Date "2021.05.28"]
[Round "9.15"]
[White "Jaros, Emilia"]
[Black "Prokopiuk, Jakub"]
[Result "0-1"]
[LiveChessVersion "1.4.8"]
[BlackElo "1364"]
[WhiteElo "1307"]

1. e4 {[%clk 1:30:45]} c6 {[%clk 1:30:52]} 2. d4 {[%clk 1:30:42]} d5
{[%clk 1:31:05]} 3. exd5 {[%clk 1:30:40]} cxd5 {[%clk 1:31:23]} 4. Bd3
{[%clk 1:30:25]} Nc6 {[%clk 1:31:35]} 5. c3 {[%clk 1:30:00]} Nf6 {[%clk 1:31:43]}
6. h3 {[%clk 1:29:42]} g6 {[%clk 1:31:12]} 7. Nf3 {[%clk 1:29:09]} Bf5
{[%clk 1:31:01]} 8. O-O {[%clk 1:25:54]} Bxd3 {[%clk 1:30:47]} 9. Qxd3
{[%clk 1:25:31]} Bg7 {[%clk 1:29:43]} 10. Bf4 {[%clk 1:24:45]} O-O
{[%clk 1:28:26]} 11. Nbd2 {[%clk 1:24:01]} Re8 {[%clk 1:28:09]} 12. Rfe1
{[%clk 1:23:14]} Nd7 {[%clk 1:25:08]} 13. Re2 {[%clk 1:16:21]} f5
{[%clk 1:15:02]} 14. Rae1 {[%clk 1:14:45]} Nf6 {[%clk 1:14:45]} 15. Ne5
{[%clk 1:04:50]} Ne4 {[%clk 1:10:40]} 16. f3 {[%clk 1:00:11]} Nxe5
{[%clk 1:10:25]} 17. dxe5 {[%clk 0:57:45]} Nc5 {[%clk 1:08:57]} 18. Qe3
{[%clk 0:49:15]} Ne6 {[%clk 1:08:23]} 19. Nb3 {[%clk 0:47:46]} Qb6
{[%clk 1:03:28]} 20. Kh1 {[%clk 0:39:46]} Qa6 {[%clk 0:54:05]} 21. a3
{[%clk 0:31:04]} Qc4 {[%clk 0:53:25]} 22. Nd4 {[%clk 0:29:40]} Nxd4
{[%clk 0:52:36]} 23. cxd4 {[%clk 0:25:33]} Rac8 {[%clk 0:51:47]} 24. Rd1
{[%clk 0:24:30]} h6 {[%clk 0:49:16]} 25. b3 {[%clk 0:17:26]} Qa6 {[%clk 0:47:49]}
26. Bxh6 {[%clk 0:16:17]} Qxa3 {[%clk 0:43:59]} 27. Bxg7 {[%clk 0:13:30]} Kxg7
{[%clk 0:43:38]} 28. g4 {[%clk 0:11:08]} Rh8 {[%clk 0:40:19]} 29. Kg2
{[%clk 0:10:01]} f4 {[%clk 0:37:34]} 30. Qd3 {[%clk 0:08:30]} Rc1
{[%clk 0:34:47]} 31. Rxc1 {[%clk 0:07:48]} Qxc1 {[%clk 0:35:10]} 32. Qc2
{[%clk 0:08:10]} Rc8 {[%clk 0:35:06]} 33. Qa2 {[%clk 0:05:38]} a6
{[%clk 0:34:36]} 34. Qa5 {[%clk 0:03:37]} Rc2 {[%clk 0:34:17]} 35. Rxc2
{[%clk 0:02:45]} Qxc2+ {[%clk 0:34:42]} 36. Kg1 {[%clk 0:02:38]} Qd1+
{[%clk 0:34:48]} 37. Kf2 {[%clk 0:02:35]} Qxd4+ {[%clk 0:35:04]} 38. Kg2
{[%clk 0:02:51]} Qxe5 {[%clk 0:34:52]} 39. Qd2 {[%clk 0:02:57]} d4
{[%clk 0:35:00]} 40. Qd3 {[%clk 0:02:28]} Qe3 {[%clk 0:35:08]} 41. Qxe3
{[%clk 0:02:17]} fxe3 {[%clk 0:35:13]} 42. Kf1 {[%clk 0:02:38]} d3
{[%clk 0:35:38]} 43. f4 {[%clk 0:02:54]} b6 {[%clk 0:35:48]} 44. h4
{[%clk 0:03:11]} a5 {[%clk 0:36:09]} 45. f5 {[%clk 0:03:16]} gxf5
{[%clk 0:36:35]} 46. gxf5 {[%clk 0:03:39]} b5 {[%clk 0:37:00]} 47. h5
{[%clk 0:04:01]} a4 {[%clk 0:37:13]} 48. bxa4 {[%clk 0:04:21]} bxa4
{[%clk 0:37:38]} 49. Ke1 {[%clk 0:04:41]} a3 {[%clk 0:38:00]} 50. Kf1
{[%clk 0:05:03]} a2 {[%clk 0:38:26]} 51. Kg2 {[%clk 0:05:22]} a1=Q
{[%clk 0:38:43]} 52. f6+ {[%clk 0:05:39]} Qxf6 {[%clk 0:38:57]} 53. Kh3
{[%clk 0:06:00]} Qf3+ {[%clk 0:39:16]} 54. Kh4 {[%clk 0:06:17]} e2
{[%clk 0:39:37]} 55. h6+ {[%clk 0:06:35]} Kg6 {[%clk 0:39:51]} 56. h7
{[%clk 0:06:54]} e1=B# 0-1

[Event "Limba Open A"]
[Site "Poronin"]
[Date "2021.05.28"]
[Round "9.16"]
[White "Kulczycka, Zofia"]
[Black "Nocek, Dominik"]
[Result "1-0"]
[LiveChessVersion "1.4.8"]
[BlackElo "1310"]
[WhiteElo "1361"]

1. e4 {[%clk 1:30:57]} e5 {[%clk 1:30:52]} 2. Nf3 {[%clk 1:31:18]} Nc6
{[%clk 1:31:15]} 3. Bb5 {[%clk 1:31:41]} a6 {[%clk 1:31:39]} 4. Ba4
{[%clk 1:32:05]} Nf6 {[%clk 1:31:59]} 5. O-O {[%clk 1:32:28]} Be7
{[%clk 1:32:14]} 6. Re1 {[%clk 1:32:51]} b5 {[%clk 1:32:36]} 7. Bb3
{[%clk 1:33:16]} d6 {[%clk 1:32:52]} 8. c3 {[%clk 1:33:29]} O-O {[%clk 1:33:02]}
9. h3 {[%clk 1:33:50]} Na5 {[%clk 1:33:22]} 10. Bc2 {[%clk 1:34:14]} c5
{[%clk 1:33:35]} 11. d4 {[%clk 1:34:33]} Qc7 {[%clk 1:33:25]} 12. d5
{[%clk 1:34:48]} Bd7 {[%clk 1:32:43]} 13. Nbd2 {[%clk 1:29:51]} Ne8
{[%clk 1:30:26]} 14. g4 {[%clk 1:26:39]} Nb7 {[%clk 1:28:41]} 15. Nf1
{[%clk 1:25:03]} Nd8 {[%clk 1:28:38]} 16. Ng3 {[%clk 1:22:39]} g6
{[%clk 1:27:48]} 17. Kh2 {[%clk 1:18:17]} f6 {[%clk 1:25:58]} 18. Rg1
{[%clk 1:14:28]} Nf7 {[%clk 1:25:24]} 19. Ne1 {[%clk 1:13:13]} Ng7
{[%clk 1:23:58]} 20. f4 {[%clk 1:10:00]} Rae8 {[%clk 1:18:47]} 21. f5
{[%clk 1:08:04]} g5 {[%clk 1:19:05]} 22. Nf3 {[%clk 1:08:23]} h6 {[%clk 1:17:20]}
23. Rh1 {[%clk 1:06:46]} Nd8 {[%clk 1:16:31]} 24. Kg1 {[%clk 1:05:59]} Kf7
{[%clk 1:16:47]} 25. h4 {[%clk 1:05:42]} Rh8 {[%clk 1:17:00]} 26. Qe2
{[%clk 1:02:55]} Nb7 {[%clk 1:16:52]} 27. Rh3 {[%clk 1:01:58]} a5
{[%clk 1:14:52]} 28. Qh2 {[%clk 1:00:26]} Qd8 {[%clk 1:15:00]} 29. Be3
{[%clk 1:00:13]} b4 {[%clk 1:13:04]} 30. c4 {[%clk 0:59:47]} a4 {[%clk 1:00:43]}
31. Bd3 {[%clk 0:52:28]} a3 {[%clk 0:57:25]} 32. b3 {[%clk 0:50:09]} Na5
{[%clk 0:51:40]} 33. Kg2 {[%clk 0:49:42]} Qa8 {[%clk 0:51:42]} 34. Bc2
{[%clk 0:48:25]} Qb8 {[%clk 0:51:15]} 35. Rh1 {[%clk 0:45:50]} Rhg8
{[%clk 0:51:37]} 36. hxg5 {[%clk 0:45:04]} hxg5 {[%clk 0:52:06]} 37. Nh5
{[%clk 0:43:48]} Nxh5 {[%clk 0:46:55]} 38. Rxh5 {[%clk 0:44:01]} Rg7
{[%clk 0:47:09]} 39. Rh7 {[%clk 0:41:26]} Reg8 {[%clk 0:47:17]} 40. Qh5+
{[%clk 0:38:44]} Kf8 {[%clk 0:47:41]} 41. Qh6 {[%clk 0:31:40]} Qe8
{[%clk 0:42:56]} 42. Nxg5 {[%clk 0:24:48]} fxg5 {[%clk 0:42:40]} 43. f6
{[%clk 0:24:43]} Bxf6 {[%clk 0:42:51]} 44. Qxf6+ {[%clk 0:25:06]} Rf7
{[%clk 0:42:34]} 45. Qxd6+ {[%clk 0:24:28]} Qe7 {[%clk 0:42:47]} 46. Rxf7+
{[%clk 0:24:45]} Kxf7 {[%clk 0:43:12]} 47. Rh7+ {[%clk 0:25:07]} 1-0

[Event "Limba Open A"]
[Site "Poronin"]
[Date "2021.05.28"]
[Round "9.17"]
[White "Kolcon, Waclaw"]
[Black "Wojdak, Karol"]
[Result "1/2-1/2"]
[LiveChessVersion "1.4.8"]
[BlackElo "1406"]
[WhiteElo "1197"]

1. e4 {[%clk 1:30:56]} e5 {[%clk 1:29:10]} 2. Nf3 {[%clk 1:31:07]} Nc6
{[%clk 1:29:35]} 3. Bb5 {[%clk 1:31:31]} a6 {[%clk 1:29:53]} 4. Ba4
{[%clk 1:31:51]} b5 {[%clk 1:30:17]} 5. Bb3 {[%clk 1:32:08]} Bc5 {[%clk 1:30:21]}
6. c3 {[%clk 1:31:49]} d6 {[%clk 1:27:05]} 7. d3 {[%clk 1:26:45]} Nf6
{[%clk 1:25:51]} 8. h3 {[%clk 1:23:35]} h6 {[%clk 1:26:07]} 9. Nbd2
{[%clk 1:23:26]} O-O {[%clk 1:22:20]} 10. O-O {[%clk 1:20:08]} Ba7
{[%clk 1:18:10]} 11. Re1 {[%clk 1:19:18]} Na5 {[%clk 1:16:59]} 12. Bc2
{[%clk 1:19:17]} c5 {[%clk 1:17:11]} 13. Nf1 {[%clk 1:12:44]} Be6
{[%clk 1:16:33]} 14. d4 {[%clk 1:09:00]} cxd4 {[%clk 1:15:01]} 15. cxd4
{[%clk 1:09:23]} Qc7 {[%clk 1:11:01]} 16. d5 {[%clk 0:57:09]} Bd7
{[%clk 1:10:21]} 17. b3 {[%clk 0:53:33]} Rac8 {[%clk 1:09:33]} 18. Bd3
{[%clk 0:52:31]} Bb6 {[%clk 0:58:25]} 19. Bd2 {[%clk 0:51:11]} Qa7
{[%clk 0:53:46]} 20. Ne3 {[%clk 0:50:42]} Rc7 {[%clk 0:52:54]} 21. Qe2
{[%clk 0:49:18]} Rfc8 {[%clk 0:51:20]} 22. Rec1 {[%clk 0:47:52]} Nb7
{[%clk 0:50:40]} 23. b4 {[%clk 0:47:14]} Nd8 {[%clk 0:50:39]} 24. Rxc7
{[%clk 0:43:41]} Rxc7 {[%clk 0:50:45]} 25. Qe1 {[%clk 0:41:05]} Nh5
{[%clk 0:46:00]} 26. Rc1 {[%clk 0:38:15]} Nf4 {[%clk 0:46:11]} 27. Bf1
{[%clk 0:38:32]} f6 {[%clk 0:42:12]} 28. Rxc7 {[%clk 0:36:26]} Qxc7
{[%clk 0:42:36]} 29. Qc1 {[%clk 0:36:39]} Qxc1 {[%clk 0:42:01]} 30. Bxc1
{[%clk 0:37:08]} Nf7 {[%clk 0:38:54]} 31. Kh2 {[%clk 0:32:34]} g5
{[%clk 0:36:30]} 32. g3 {[%clk 0:32:09]} Ng6 {[%clk 0:32:25]} 33. Kg2
{[%clk 0:24:48]} Bxe3 {[%clk 0:28:06]} 34. Bxe3 {[%clk 0:24:09]} f5
{[%clk 0:28:10]} 35. Bd3 {[%clk 0:23:56]} f4 {[%clk 0:26:55]} 36. Bd2
{[%clk 0:19:41]} h5 {[%clk 0:22:53]} 37. Bc2 {[%clk 0:19:03]} g4 {[%clk 0:17:56]}
38. hxg4 {[%clk 0:19:26]} hxg4 {[%clk 0:18:10]} 39. Nh2 {[%clk 0:19:43]} f3+
{[%clk 0:17:58]} 40. Kg1 {[%clk 0:20:03]} Kg7 {[%clk 0:14:02]} 41. Nf1
{[%clk 0:20:23]} Kf6 {[%clk 0:13:42]} 42. Ne3 {[%clk 0:20:20]} Ne7
{[%clk 0:12:30]} 43. Nd1 {[%clk 0:20:10]} Nc8 {[%clk 0:11:36]} 44. Be3
{[%clk 0:20:33]} Ng5 {[%clk 0:11:30]} 45. Nc3 {[%clk 0:19:27]} 1/2-1/2

[Event "Limba Open A"]
[Site "Poronin"]
[Date "2021.05.28"]
[Round "9.18"]
[White "Balis, Sebastian"]
[Black "Wojs, Alicja"]
[Result "1-0"]
[LiveChessVersion "1.4.8"]
[BlackElo "1360"]
[WhiteElo "1287"]

1. e4 {[%clk 1:30:54]} e6 {[%clk 1:30:51]} 2. Nf3 {[%clk 1:31:11]} d5
{[%clk 1:31:11]} 3. Nc3 {[%clk 1:31:26]} dxe4 {[%clk 1:31:31]} 4. Nxe4
{[%clk 1:31:45]} Nf6 {[%clk 1:31:52]} 5. Ng3 {[%clk 1:31:34]} Nc6
{[%clk 1:31:55]} 6. d4 {[%clk 1:31:27]} h6 {[%clk 1:31:47]} 7. Bb5
{[%clk 1:31:06]} Bd7 {[%clk 1:30:48]} 8. O-O {[%clk 1:30:55]} Be7
{[%clk 1:30:36]} 9. c3 {[%clk 1:30:55]} O-O {[%clk 1:30:16]} 10. Bf4
{[%clk 1:30:47]} Nd5 {[%clk 1:29:01]} 11. Bd2 {[%clk 1:30:05]} a6
{[%clk 1:28:26]} 12. Bd3 {[%clk 1:29:44]} Re8 {[%clk 1:28:00]} 13. Re1
{[%clk 1:29:41]} Nf6 {[%clk 1:26:33]} 14. Ne4 {[%clk 1:21:15]} Nxe4
{[%clk 1:24:56]} 15. Bxe4 {[%clk 1:20:15]} Bf6 {[%clk 1:24:21]} 16. Bf4
{[%clk 1:16:38]} Rb8 {[%clk 1:19:53]} 17. Bc2 {[%clk 1:16:03]} Ne7
{[%clk 1:18:56]} 18. Ne5 {[%clk 1:14:23]} Bxe5 {[%clk 1:17:51]} 19. Bxe5
{[%clk 1:14:30]} Bc6 {[%clk 1:17:56]} 20. Qg4 {[%clk 1:14:35]} g6
{[%clk 1:13:16]} 21. Qf4 {[%clk 1:13:23]} Nf5 {[%clk 1:02:44]} 22. Bxf5
{[%clk 1:11:37]} exf5 {[%clk 1:03:08]} 23. Qxh6 {[%clk 1:11:39]} Rxe5
{[%clk 1:03:30]} 24. Rxe5 {[%clk 1:11:49]} Qd6 {[%clk 1:02:47]} 25. Rae1
{[%clk 1:11:16]} Rd8 {[%clk 1:03:07]} 26. R1e3 {[%clk 1:11:17]} Qf6
{[%clk 1:00:46]} 27. f4 {[%clk 1:11:09]} Be4 {[%clk 1:00:03]} 28. Rh3
{[%clk 1:11:16]} Qg7 {[%clk 1:00:23]} 29. Qxg7+ {[%clk 1:10:33]} Kxg7
{[%clk 1:00:51]} 30. Re3 {[%clk 1:10:27]} Kf6 {[%clk 1:00:10]} 31. g4 Rh8
{[%clk 0:55:42]} 32. a3 {[%clk 1:06:16]} c6 {[%clk 0:55:17]} 33. c4
{[%clk 1:03:33]} Rd8 {[%clk 0:55:26]} 34. d5 {[%clk 1:03:49]} cxd5
{[%clk 0:55:39]} 35. cxd5 {[%clk 1:04:12]} Rxd5 {[%clk 0:55:56]} 36. R3xe4
{[%clk 1:03:50]} 1-0

[Event "Limba Open A"]
[Site "Poronin"]
[Date "2021.05.28"]
[Round "9.19"]
[White "Maciejewski, Robert"]
[Black "Popczynska, Michalina"]
[Result "1/2-1/2"]
[LiveChessVersion "1.4.8"]
[BlackElo "1091"]
[WhiteElo "1311"]

1. Nf3 {[%clk 1:30:57]} d5 {[%clk 1:30:36]} 2. g3 {[%clk 1:31:23]} Bf5
{[%clk 1:30:23]} 3. Bg2 {[%clk 1:31:43]} e6 {[%clk 1:29:49]} 4. O-O
{[%clk 1:31:51]} Nf6 {[%clk 1:29:19]} 5. c4 {[%clk 1:32:00]} c6 {[%clk 1:27:48]}
6. cxd5 {[%clk 1:32:25]} cxd5 {[%clk 1:27:23]} 7. d3 {[%clk 1:31:57]} h6
{[%clk 1:27:26]} 8. Nc3 {[%clk 1:30:31]} Bd6 {[%clk 1:25:19]} 9. Qb3
{[%clk 1:30:20]} Qd7 {[%clk 1:18:46]} 10. Nb5 {[%clk 1:26:52]} Bc5
{[%clk 1:13:43]} 11. Bf4 {[%clk 1:22:54]} Na6 {[%clk 1:12:59]} 12. Rac1
{[%clk 1:12:32]} O-O {[%clk 1:11:24]} 13. Nc7 {[%clk 0:59:53]} Nxc7
{[%clk 1:10:45]} 14. Rxc5 {[%clk 0:57:10]} Na6 {[%clk 1:10:19]} 15. Rc3
{[%clk 0:53:51]} Ng4 {[%clk 1:07:08]} 16. h3 {[%clk 0:45:08]} Nf6
{[%clk 1:07:21]} 17. Rfc1 {[%clk 0:44:48]} b6 {[%clk 1:03:56]} 18. Qa3
{[%clk 0:41:07]} Qb7 {[%clk 1:03:06]} 19. Nd4 {[%clk 0:37:37]} Bh7
{[%clk 1:02:17]} 20. Nb5 {[%clk 0:37:45]} Nc5 {[%clk 1:01:25]} 21. d4
{[%clk 0:37:22]} Qa6 {[%clk 1:00:44]} 22. Nc7 {[%clk 0:34:35]} Qxa3
{[%clk 1:00:55]} 23. bxa3 {[%clk 0:35:00]} Nce4 {[%clk 1:00:42]} 24. Nxa8
{[%clk 0:32:59]} Nxc3 {[%clk 1:00:55]} 25. Rxc3 {[%clk 0:33:15]} Rxa8
{[%clk 1:01:17]} 26. Bd6 {[%clk 0:32:34]} Ne4 {[%clk 1:00:51]} 27. Bxe4
{[%clk 0:32:56]} Bxe4 {[%clk 1:01:02]} 28. Rc1 {[%clk 0:28:08]} Rd8
{[%clk 1:00:09]} 29. Be7 {[%clk 0:25:58]} Rd7 {[%clk 0:59:38]} 30. Bb4
{[%clk 0:25:40]} 1/2-1/2

[Event "Limba Open A"]
[Site "Poronin"]
[Date "2021.05.28"]
[Round "9.22"]
[White "Golis, Wiktor"]
[Black "Bajer, Tomasz"]
[Result "0-1"]
[LiveChessVersion "1.4.8"]
[BlackElo "1118"]
[WhiteElo "1412"]

1. e4 {[%clk 1:30:56]} c5 {[%clk 1:30:56]} 2. Nf3 {[%clk 1:31:21]} Nc6
{[%clk 1:31:22]} 3. d4 {[%clk 1:31:45]} cxd4 {[%clk 1:31:48]} 4. Nxd4
{[%clk 1:32:08]} g6 {[%clk 1:32:14]} 5. Nc3 {[%clk 1:32:00]} Bg7 {[%clk 1:32:39]}
6. Be3 {[%clk 1:32:20]} Nf6 {[%clk 1:32:43]} 7. Be2 {[%clk 1:31:56]} O-O
{[%clk 1:31:48]} 8. O-O {[%clk 1:31:38]} d6 {[%clk 1:31:34]} 9. Kh1
{[%clk 1:29:44]} Bd7 {[%clk 1:27:35]} 10. Nd5 {[%clk 1:28:00]} Nxe4
{[%clk 1:20:22]} 11. Bf3 {[%clk 1:22:31]} Nf6 {[%clk 1:18:57]} 12. Nxf6+
{[%clk 1:20:31]} Bxf6 {[%clk 1:19:14]} 13. Bxc6 {[%clk 1:19:50]} bxc6
{[%clk 1:19:37]} 14. c3 {[%clk 1:19:15]} c5 {[%clk 1:19:00]} 15. Ne2
{[%clk 1:18:28]} Qc7 {[%clk 1:18:26]} 16. f4 {[%clk 1:17:42]} Rfb8
{[%clk 1:18:10]} 17. Qd2 {[%clk 1:17:12]} Qb7 {[%clk 1:18:21]} 18. b3
{[%clk 1:15:23]} a5 {[%clk 1:17:34]} 19. Rad1 {[%clk 1:14:26]} a4
{[%clk 1:13:51]} 20. f5 {[%clk 1:12:22]} Bxf5 {[%clk 1:10:28]} 21. Ng3
{[%clk 1:07:52]} Be6 {[%clk 1:08:10]} 22. Bg5 {[%clk 1:06:11]} axb3
{[%clk 1:05:15]} 23. Bxf6 {[%clk 1:06:30]} Rxa2 {[%clk 1:05:27]} 24. Bg5
{[%clk 1:05:48]} Rxd2 {[%clk 1:05:20]} 25. Bxd2 {[%clk 1:06:02]} b2
{[%clk 1:05:34]} 26. Rb1 {[%clk 1:05:52]} Ba2 {[%clk 1:05:56]} 27. Ne2
{[%clk 1:06:13]} Qb5 {[%clk 1:05:52]} 28. c4 {[%clk 1:06:08]} Qxc4
{[%clk 1:06:06]} 29. Nc3 {[%clk 1:06:17]} Qxf1+ {[%clk 1:04:55]} 30. Rxf1
{[%clk 1:06:35]} b1=Q {[%clk 1:05:21]} 31. Nxb1 {[%clk 1:06:43]} Rxb1
{[%clk 1:05:47]} 32. Rxb1 {[%clk 1:07:01]} Bxb1 {[%clk 1:06:14]} 33. Kg1
{[%clk 1:07:21]} c4 {[%clk 1:06:20]} 34. Kf2 {[%clk 1:07:45]} f5 {[%clk 1:06:30]}
35. Ke3 {[%clk 1:08:02]} e5 {[%clk 1:06:38]} 36. g4 {[%clk 1:08:22]} d5
{[%clk 1:06:36]} 37. Bc3 {[%clk 1:07:58]} d4+ {[%clk 1:06:59]} 38. Bxd4
{[%clk 1:08:21]} exd4+ {[%clk 1:06:56]} 39. Kxd4 {[%clk 1:08:43]} Bd3
{[%clk 1:07:52]} 0-1

[Event "Limba Open A"]
[Site "Poronin"]
[Date "2021.05.28"]
[Round "9.23"]
[White "Kawulski, Marcin"]
[Black "Marczyk, Kinga"]
[Result "0-1"]
[LiveChessVersion "1.4.8"]
[BlackElo "1296"]
[WhiteElo "1078"]

1. d4 {[%clk 1:30:57]} Nf6 {[%clk 1:30:48]} 2. c4 {[%clk 1:31:21]} g6
{[%clk 1:30:53]} 3. Nc3 {[%clk 1:31:33]} Bg7 {[%clk 1:30:54]} 4. Bf4
{[%clk 1:30:46]} d6 {[%clk 1:29:36]} 5. e4 {[%clk 1:30:03]} O-O {[%clk 1:28:48]}
6. d5 {[%clk 1:29:17]} e5 {[%clk 1:26:38]} 7. Bg5 {[%clk 1:27:13]} h6
{[%clk 1:24:41]} 8. Bh4 {[%clk 1:26:10]} Nbd7 {[%clk 1:21:48]} 9. Bd3
{[%clk 1:26:02]} g5 {[%clk 1:19:18]} 10. Bg3 {[%clk 1:25:52]} Nc5
{[%clk 1:18:46]} 11. Bc2 {[%clk 1:25:45]} a5 {[%clk 1:18:20]} 12. f3
{[%clk 1:23:48]} Nh5 {[%clk 1:13:05]} 13. Nge2 {[%clk 1:22:53]} b6
{[%clk 1:09:38]} 14. Na4 {[%clk 1:20:53]} Nxa4 {[%clk 1:06:24]} 15. Bxa4
{[%clk 1:21:01]} f5 {[%clk 1:04:12]} 16. Bc6 {[%clk 1:19:33]} Rb8
{[%clk 1:03:51]} 17. a4 {[%clk 1:16:24]} fxe4 {[%clk 0:59:46]} 18. fxe4
{[%clk 1:15:42]} Qf6 {[%clk 0:58:36]} 19. Qc2 {[%clk 1:12:33]} Bg4
{[%clk 0:48:29]} 20. O-O-O {[%clk 1:10:33]} Nxg3 {[%clk 0:48:03]} 21. hxg3
{[%clk 1:10:09]} Qf2 {[%clk 0:46:08]} 22. Rde1 {[%clk 1:06:49]} Qe3+
{[%clk 0:42:37]} 23. Kb1 {[%clk 1:05:19]} Rf2 {[%clk 0:39:52]} 24. Nf4
{[%clk 1:04:16]} Qxg3 {[%clk 0:37:53]} 25. Nh5 {[%clk 1:00:40]} Bxh5
{[%clk 0:36:42]} 26. Qc1 {[%clk 0:59:55]} Bg6 {[%clk 0:33:58]} 27. Bd7
{[%clk 0:59:17]} Qf4 {[%clk 0:33:42]} 28. Qc3 {[%clk 0:58:38]} Bxe4+
{[%clk 0:33:03]} 29. Ka1 {[%clk 0:58:24]} Bxg2 {[%clk 0:32:15]} 30. Rh5
{[%clk 0:55:25]} Qd2 {[%clk 0:30:06]} 31. Be6+ {[%clk 0:54:16]} Kh8
{[%clk 0:29:04]} 0-1